Logo BPK

Biblioteka

Politechniki Koszalińskiej

The patriarchy of Shakespeare' comedies / (Rekord nr 47882)

Szczegóły MARC
000 -ETYKIETA REKORDU
podpole kontrolne o stałej długości 00336nam a2200133 i 4500
001 - NUMER KONTROLNY REKORDU
pole kontrolne bgj
040 ## - ŹRÓDŁO KATALOGOWANIA
Instytucja, która utworzyła rekord BPK
041 ## - KOD JĘZYKA
Kod języka tekstu eng
008 - POLE O STAŁEJ DŁUGOŚCI - DANE KONTROLNE
podpole kontrolne o stałej długości s uk f |000 0 eng
100 1# - NAZWA OSOBOWA
Nazwa osobowa WILLIAMSON, Marilyn L.
245 #4 - TYTUŁ/ODPOWIEDZIALNOŚĆ
Tytuł The patriarchy of Shakespeare' comedies /
Pozostałe elementy strefy tytułu i oznaczenia odpowiedzialności Marilyn L. Williamson.
260 ## - STREFA ADRESU WYDAWNICZEGO
Miejsce wydania Detroit,
Data publikacji, dystrybucji/powstania dokumentu 1986.
942 ## - DODATKOWE ELEMENTY (KOHA)
Typ dokumentu Książka
Egzemplarze
Wycofany Status egzemplarza Uszkodzony Dostępność Lokalizacja stała Lokalizacja bieżąca Miejsce przechowywania Sygnatura Kod kreskowy Typ dokumentu
      Dostępny Biblioteka Politechniki Koszalińskiej Biblioteka Politechniki Koszalińskiej Wypożyczalnia Językowa KA 4621 09022652 Książka
© 2023 Biblioteka Politechniki Koszalińskiej :: KOHA